00965nam a2200205 a 450000100100000000500170001000800410002704000250006808200190009311000730011224000160018524501520020124600470035326000420040030000210044250001400046365000520060365000440065565000600069900000452020200929151442.0090723s2008 dr 001 0 spa d aDO-SdBNPbspacBNPHU a340.016bR426i1 aRepública DominicanabConsultoría Jurídica del Poder Ejecutivo10aLeyes, etc.10aÍndice general de la legislación de la República Dominicana :baño 2007 (periodo del gobierno constitucional del Dr. Leonel Fernández) /.10aLegislación de la República Dominicana aSanto Domingo :bAlfa & Omega,c2008. a489 p. ;c22 cm. aEl suscrito, consultor jurídico del Poder Ejecutivo, certifica que la presente publicación es oficial (Dr. César R. Pina Toribio) 4aLegislaciónzRepública DominicanavÍNDICE 4aLeyeszRepública DominicanavÍNDICE 4aPromulgacion de leyeszRepública DominicanavÍNDICE